[Event "Mittelfranken Landesliga Sued 2223"]
[Site "Mittelfranken"]
[Date "2023.03.05"]
[Round "7.4"]
[White "Ruecker, Benjamin"]
[Black "Ciaffone, Daniel"]
[Result "1-0"]
[WhiteElo "2189"]
[BlackElo "2111"]
[PlyCount "43"]
[EventDate "2022.10.09"]
[EventType "team-tourn"]
[EventRounds "9"]
[EventCountry "GER"]
[SourceTitle "EXT 2024"]
[Source "ChessBase"]
[SourceDate "2023.10.10"]
[SourceVersion "1"]
[SourceVersionDate "2023.10.10"]
[SourceQuality "1"]
[WhiteTeam "Garching II"]
[BlackTeam "Bayern Muenchen III"]
[WhiteTeamCountry "GER"]
[BlackTeamCountry "GER"]

1. e4 e5 2. Nf3 Nc6 3. Nc3 Nf6 4. d4 exd4 5. Nxd4 Nxe4 6. Nxe4 Qe7 7. Bd3 Nxd4 8. 0-0 d5 9. Ng5 Ne6 10. Re1 h6 11. Qh5 g6 12. Bxg6 hxg5 13. Bxf7+ Qxf7 14. Qxh8 Kd7 15. Qh3 c6 16. Bxg5 Kc7 17. Bh4 Bd6 18. Bg3 Nf4 19. Qh8 Kd7 20. Re3 Ng6 21. Qh5 Ne5 22. Rxe5 1-0

[Event "AUT-chT2W 2122"]
[Site "Austria"]
[Date "2022.02.20"]
[Round "5.3"]
[White "Ruecker, Benjamin"]
[Black "Brunello, Marina"]
[Result "1/2-1/2"]
[WhiteElo "2169"]
[BlackElo "2352"]
[PlyCount "83"]
[EventDate "2021.10.15"]
[EventType "team-tourn"]
[EventRounds "11"]
[EventCountry "AUT"]
[SourceTitle "EXT 2023"]
[Source "ChessBase"]
[SourceDate "2022.10.05"]
[SourceVersion "1"]
[SourceVersionDate "2022.10.05"]
[SourceQuality "1"]
[WhiteTeam "Schwarzach"]
[BlackTeam "Schach ohne Grenzen"]
[WhiteTeamCountry "AUT"]
[BlackTeamCountry "AUT"]

1. e4 c5 2. Nf3 d6 3. Bb5+ Nd7 4. a4 a6 5. Be2 Ngf6 6. Nc3 g6 7. a5 Bg7 8. 0-0 0-0 9. d3 b5 10. axb6 Bb7 11. Qd2 Qxb6 12. Qg5 Qc7 13. Qh4 h5 14. Ng5 Rfe8 15. f4 e6 16. Rb1 Nf8 17. h3 Bc6 18. b3 N6h7 19. Nxh7 Nxh7 20. Nd1 f5 21. Qg3 Kf7 22. Bf3 Nf6 23. Nf2 Rh8 24. Qh4 Ng4 25. Bb2 Bd4 26. hxg4 hxg4 27. Qg3 gxf3 28. gxf3 Rh5 29. Kg2 Rah8 30. Bxd4 cxd4 31. Rh1 Bd7 32. Rxh5 gxh5 33. Kh2 h4 34. Qg5 Rg8 35. Qh5+ Kf8 36. Rg1 Rxg1 37. Kxg1 Qxc2 38. Qh8+ Ke7 39. Qxh4+ Ke8 40. Qh8+ Ke7 41. Qh3 Ke8 42. Qh8+ 1/2-1/2

[Event "Mittelfranken Landesliga Sued 2122"]
[Site "Mittelfranken"]
[Date "2021.10.24"]
[Round "1.3"]
[White "Ruecker, Benjamin"]
[Black "Alvir, Aco"]
[Result "1/2-1/2"]
[WhiteElo "2190"]
[BlackElo "2330"]
[PlyCount "25"]
[EventDate "2021.10.24"]
[EventType "team-tourn"]
[EventRounds "9"]
[EventCountry "GER"]
[SourceTitle "EXT 2024"]
[Source "ChessBase"]
[SourceDate "2023.10.10"]
[SourceVersion "1"]
[SourceVersionDate "2023.10.10"]
[SourceQuality "1"]
[WhiteTeam "Garching II"]
[BlackTeam "Muenchen SC II"]
[WhiteTeamCountry "GER"]
[BlackTeamCountry "GER"]

1. e4 c5 2. Nf3 d6 3. Bb5+ Bd7 4. Bxd7+ Qxd7 5. c4 Nf6 6. Nc3 e6 7. 0-0 Be7 8. d4 cxd4 9. Nxd4 0-0 10. Qe2 a6 11. b3 Nc6 12. Nxc6 Qxc6 13. Bb2 1/2-1/2

[Event "AUT-chT2W 2122"]
[Site "Austria"]
[Date "2021.10.17"]
[Round "3.4"]
[White "Ruecker, Benjamin"]
[Black "Muehlbacher, Bernhard"]
[Result "1-0"]
[WhiteElo "2169"]
[BlackElo "2030"]
[PlyCount "85"]
[EventDate "2021.10.15"]
[EventType "team-tourn"]
[EventRounds "11"]
[EventCountry "AUT"]
[SourceTitle "CBM 204 Extra"]
[Source "ChessBase"]
[SourceDate "2021.11.30"]
[SourceVersion "1"]
[SourceVersionDate "2021.11.30"]
[SourceQuality "1"]
[WhiteTeam "Schwarzach"]
[BlackTeam "Kufstein/Woergl"]
[WhiteTeamCountry "AUT"]
[BlackTeamCountry "AUT"]

1. e4 c5 2. Nf3 e6 3. g3 d6 4. Bg2 Nf6 5. Qe2 Qc7 6. 0-0 Nc6 7. c3 Be7 8. d4 0-0 9. e5 dxe5 10. dxe5 Nd7 11. Bf4 h6 12. h4 Rd8 13. Nbd2 Nf8 14. h5 Nd7 15. Rfe1 Nb6 16. g4 Nd5 17. Bg3 b5 18. Ne4 Ba6 19. a4 Qb6 20. axb5 Bxb5 21. c4 Ba6 22. Rxa6 Qxa6 23. cxd5 Qxe2 24. Rxe2 exd5 25. Nc3 Rac8 26. Nh4 d4 27. Nb5 d3 28. Rd2 Nb4 29. Nxa7 Rc7 30. Nb5 Rcd7 31. Nf5 Bf8 32. Nfd6 Rb8 33. Na3 Be7 34. Nxf7 Rd4 35. e6 Re8 36. Bf3 Rf8 37. Be5 Rdd8 38. Be4 Rxf7 39. exf7+ Kxf7 40. Nc4 Kg8 41. Bc3 Bg5 42. Bxb4 cxb4 43. Rxd3 1-0

[Event "Arco op 42nd"]
[Site "Arco"]
[Date "2020.10.12"]
[Round "3.9"]
[White "Poschadel, Andreas Gregor"]
[Black "Ruecker, Benjamin"]
[Result "1/2-1/2"]
[WhiteElo "1946"]
[BlackElo "2202"]
[PlyCount "73"]
[EventDate "2020.10.10"]
[EventType "swiss"]
[EventRounds "9"]
[EventCountry "ITA"]
[SourceTitle "CBM 198 Extra"]
[Source "ChessBase"]
[SourceDate "2020.11.30"]
[SourceVersion "1"]
[SourceVersionDate "2020.11.30"]
[SourceQuality "1"]

1. e4 c6 2. Nf3 d5 3. Nc3 dxe4 4. Nxe4 Nf6 5. Nxf6+ exf6 6. d4 Bd6 7. Be2 0-0 8. 0-0 Bg4 9. Be3 Re8 10. Re1 Nd7 11. Qd2 Nf8 12. h3 Bh5 13. c3 f5 14. Bf4 Ng6 15. Bxd6 Qxd6 16. Nh2 Bxe2 17. Rxe2 Nf4 18. Rxe8+ Rxe8 19. Re1 Re4 20. f3 Rxe1+ 21. Qxe1 Qe6 22. Qd2 g5 23. a4 Qa2 24. h4 h6 25. hxg5 hxg5 26. g3 Ne6 27. Qc2 Qd5 28. Kf2 Kg7 29. Nf1 f4 30. g4 Qc4 31. Nd2 Qd5 32. Qe4 Qa2 33. Qc2 Qd5 34. Nf1 c5 35. Qf5 Qb3 36. d5 Qxb2+ 37. Kg1 1/2-1/2

[Event "AUT-chT2W 1920"]
[Site "Austria"]
[Date "2020.03.06"]
[Round "9.3"]
[White "Ruecker, Benjamin"]
[Black "Wohlfahrt, Herbert J"]
[Result "1/2-1/2"]
[WhiteElo "2238"]
[BlackElo "2265"]
[PlyCount "39"]
[EventDate "2019.10.04"]
[EventType "team-tourn"]
[EventRounds "11"]
[EventCountry "AUT"]
[SourceTitle "CBM 195 Extra"]
[Source "ChessBase"]
[SourceDate "2020.05.31"]
[SourceVersion "1"]
[SourceVersionDate "2020.05.31"]
[SourceQuality "1"]
[WhiteTeam "Schwarzach"]
[BlackTeam "Pradl"]
[WhiteTeamCountry "AUT"]
[BlackTeamCountry "AUT"]

1. c4 e6 2. Nf3 Nf6 3. Nc3 d5 4. e3 Be7 5. b3 c5 6. cxd5 exd5 7. d4 Bg4 8. Bb5+ Nc6 9. dxc5 Bxc5 10. 0-0 0-0 11. Bb2 Qd6 12. Na4 Bb4 13. Bxf6 Qxf6 14. Qxd5 Rad8 15. Qe4 Bxf3 16. Qxf3 Qxf3 17. gxf3 Ne5 18. f4 Nf3+ 19. Kg2 Nd2 20. Rfc1 1/2-1/2

[Event "Oberliga Bayern 1920"]
[Site "Bayern"]
[Date "2020.03.01"]
[Round "7.2"]
[White "Kukel, Imre1111"]
[Black "Ruecker, Benjamin"]
[Result "1-0"]
[WhiteElo "2268"]
[BlackElo "2154"]
[PlyCount "71"]
[EventDate "2019.10.20"]
[EventType "team-tourn"]
[EventRounds "9"]
[EventCountry "GER"]
[SourceTitle "EXT 2021"]
[Source "ChessBase"]
[SourceDate "2020.10.23"]
[SourceVersion "1"]
[SourceVersionDate "2020.10.23"]
[SourceQuality "1"]
[WhiteTeam "Bindlach Aktionaer"]
[BlackTeam "Garching II"]
[WhiteTeamCountry "GER"]
[BlackTeamCountry "GER"]

1. e4 c5 2. Nf3 d6 3. d4 cxd4 4. Nxd4 Nf6 5. Nc3 a6 6. Be3 e5 7. Nb3 Be6 8. Qd2 Nbd7 9. f4 Ng4 10. f5 Bxb3 11. axb3 Nxe3 12. Qxe3 b5 13. Nd5 Be7 14. Bxb5 0-0 15. Bxd7 Qxd7 16. 0-0 Qa7 17. Qxa7 Rxa7 18. Nxe7+ Rxe7 19. Rxa6 Rc7 20. c3 Rd8 21. Rfa1 Kf8 22. Ra8 Rxa8 23. Rxa8+ Ke7 24. Kf2 Rd7 25. Ra5 g6 26. g4 gxf5 27. gxf5 Kf6 28. b4 Kg5 29. Kg3 Rd8 30. c4 Rc8 31. b3 Rg8 32. b5 Kf6+ 33. Kf3 Rg1 34. b6 Rg8 35. Rd5 Ke7 36. b4 1-0

[Event "AUT-chT2W 1920"]
[Site "Austria"]
[Date "2020.01.19"]
[Round "8.4"]
[White "Ruecker, Benjamin"]
[Black "Mittelberger, Peter"]
[Result "0-1"]
[WhiteElo "2238"]
[BlackElo "2174"]
[PlyCount "68"]
[EventDate "2019.10.04"]
[EventType "team-tourn"]
[EventRounds "11"]
[EventCountry "AUT"]
[SourceTitle "CBM 195 Extra"]
[Source "ChessBase"]
[SourceDate "2020.05.31"]
[SourceVersion "1"]
[SourceVersionDate "2020.05.31"]
[SourceQuality "1"]
[WhiteTeam "Schwarzach"]
[BlackTeam "Hoerbranz"]
[WhiteTeamCountry "AUT"]
[BlackTeamCountry "AUT"]

1. Nf3 g6 2. g3 Bg7 3. Bg2 Nf6 4. d4 0-0 5. 0-0 d6 6. b3 c6 7. Bb2 a5 8. c4 a4 9. b4 d5 10. a3 dxc4 11. Ne5 Be6 12. Nd2 b5 13. Nxc6 Nxc6 14. Bxc6 Rc8 15. d5 Nxd5 16. Bxg7 Kxg7 17. Bxd5 Qxd5 18. Nf3 Rfd8 19. Qxd5 Rxd5 20. e3 Bg4 21. Kg2 Bxf3+ 22. Kxf3 Rcd8 23. Ra2 Rd2 24. Rfa1 Rxa2 25. Rxa2 Rd3 26. Ke2 e5 27. Rd2 Rxd2+ 28. Kxd2 Kf6 29. f3 Ke6 30. e4 Kf6 31. Ke3 Kg5 32. h3 f5 33. h4+ Kh5 34. f4 exf4+ 0-1

[Event "AUT-chT2W 1920"]
[Site "Austria"]
[Date "2020.01.18"]
[Round "7.4"]
[White "Ruecker, Benjamin"]
[Black "Novkovic, Julia"]
[Result "1/2-1/2"]
[WhiteElo "2238"]
[BlackElo "2146"]
[PlyCount "62"]
[EventDate "2019.10.04"]
[EventType "team-tourn"]
[EventRounds "11"]
[EventCountry "AUT"]
[SourceTitle "CBM 195 Extra"]
[Source "ChessBase"]
[SourceDate "2020.05.31"]
[SourceVersion "1"]
[SourceVersionDate "2020.05.31"]
[SourceQuality "1"]
[WhiteTeam "Schwarzach"]
[BlackTeam "Hohenems II"]
[WhiteTeamCountry "AUT"]
[BlackTeamCountry "AUT"]

1. Nf3 Nf6 2. d4 g6 3. g3 Bg7 4. Bg2 0-0 5. 0-0 d6 6. b3 a5 7. Bb2 Bd7 8. c4 Qc8 9. Re1 Bh3 10. Bh1 h6 11. Nc3 Ng4 12. Nd5 Nc6 13. Nf4 Nf6 14. Nxh3 Qxh3 15. e4 Qc8 16. Qd2 Rd8 17. Rac1 e5 18. d5 Ne7 19. Bg2 Nd7 20. Bh3 Qb8 21. Qc2 Nc5 22. Nd2 c6 23. a3 b5 24. dxc6 Nxc6 25. cxb5 Qxb5 26. Bf1 Qb6 27. Bc4 Rab8 28. Rb1 Ne6 29. Qd1 Ned4 30. Bxd4 Qxd4 31. Re3 Qc5 1/2-1/2

[Event "AUT-chT2W 1920"]
[Site "Austria"]
[Date "2020.01.17"]
[Round "6.4"]
[White "Bischofberger, Dario"]
[Black "Ruecker, Benjamin"]
[Result "1/2-1/2"]
[WhiteElo "2152"]
[BlackElo "2238"]
[PlyCount "32"]
[EventDate "2019.10.04"]
[EventType "team-tourn"]
[EventRounds "11"]
[EventCountry "AUT"]
[SourceTitle "CBM 195 Extra"]
[Source "ChessBase"]
[SourceDate "2020.05.31"]
[SourceVersion "1"]
[SourceVersionDate "2020.05.31"]
[SourceQuality "1"]
[WhiteTeam "Wolfurt"]
[BlackTeam "Schwarzach"]
[WhiteTeamCountry "AUT"]
[BlackTeamCountry "AUT"]

1. d4 Nf6 2. c4 g6 3. g3 c6 4. Bg2 d5 5. Qa4 Bg7 6. cxd5 0-0 7. dxc6 Nxc6 8. Nf3 Nd5 9. 0-0 Nb6 10. Qd1 Nxd4 11. Kh1 Kh8 12. Kg1 Kg8 13. Kh1 Kh8 14. Kg1 Kg8 15. Kh1 Kh8 16. Kg1 Kg8 1/2-1/2

[Event "BL2-Ost 1920"]
[Site "Germany"]
[Date "2019.10.20"]
[Round "2.7"]
[White "Troyke, Christian"]
[Black "Ruecker, Benjamin"]
[Result "1/2-1/2"]
[WhiteElo "2318"]
[BlackElo "2238"]
[PlyCount "28"]
[EventDate "2019.10.19"]
[EventType "team-tourn"]
[EventRounds "11"]
[EventCountry "GER"]
[SourceTitle "CBM 194 Extra"]
[Source "ChessBase"]
[SourceDate "2020.03.31"]
[SourceVersion "1"]
[SourceVersionDate "2020.03.31"]
[SourceQuality "1"]
[WhiteTeam "Erfurt"]
[BlackTeam "Garching"]
[WhiteTeamCountry "GER"]
[BlackTeamCountry "GER"]

1. g3 d5 2. Bg2 Nf6 3. c4 c6 4. Nf3 g6 5. b3 Bg7 6. Bb2 0-0 7. 0-0 Nbd7 8. d3 Re8 9. Nbd2 e5 10. cxd5 cxd5 11. e4 dxe4 12. dxe4 b6 13. Qe2 Nc5 14. Rfd1 Ba6 1/2-1/2

[Event "St Petersburg Korchnoi Memorial op"]
[Site "St Petersburg"]
[Date "2019.08.16"]
[Round "3"]
[White "Bryakin, Mikhail"]
[Black "Ruecker, Benjamin"]
[Result "1-0"]
[WhiteElo "2428"]
[BlackElo "2236"]
[PlyCount "75"]
[EventDate "2019.08.14"]
[EventType "swiss"]
[EventRounds "9"]
[EventCountry "RUS"]
[SourceTitle "CBM 192"]
[Source "ChessBase"]
[SourceDate "2019.10.31"]
[SourceVersion "1"]
[SourceVersionDate "2019.10.31"]
[SourceQuality "1"]

1. d4 Nf6 2. c4 g6 3. Nc3 d5 4. Bg5 Bg7 5. e3 c5 6. Nf3 0-0 7. Bxf6 Bxf6 8. cxd5 cxd4 9. Nxd4 Qb6 10. Qb3 Bxd4 11. exd4 Qxd4 12. Be2 Nd7 13. Rd1 Qb6 14. Qxb6 Nxb6 15. f4 h5 16. Kf2 Bd7 17. Rhe1 Rfd8 18. Bf3 Kf8 19. d6 exd6 20. Bxb7 Rab8 21. Ba6 Na4 22. Nxa4 Bxa4 23. Rd2 Bb5 24. Bxb5 Rxb5 25. b3 Rb4 26. Kf3 a5 27. Re4 Rb5 28. Ke3 Rc5 29. Red4 Ke7 30. Rd5 Ra8 31. Rxd6 Ra7 32. R6d4 Rac7 33. g3 Ke6 34. Rd6+ Kf5 35. Kf3 Rc3+ 36. R2d3 a4 37. h3 Rxd3+ 38. Rxd3 1-0

[Event "Karlsruhe Grenke op"]
[Site "Karlsruhe"]
[Date "2019.04.19"]
[Round "2"]
[White "Ruecker, Benjamin"]
[Black "Engel, Luis"]
[Result "1/2-1/2"]
[WhiteElo "2238"]
[BlackElo "2490"]
[PlyCount "108"]
[EventDate "2019.04.18"]
[EventType "swiss"]
[EventRounds "9"]
[EventCountry "GER"]
[SourceTitle "CBM 189 Extra"]
[Source "ChessBase"]
[SourceDate "2019.06.03"]
[SourceVersion "1"]
[SourceVersionDate "2019.06.03"]
[SourceQuality "1"]

1. c4 Nf6 2. Nc3 e6 3. e4 d5 4. e5 d4 5. exf6 dxc3 6. bxc3 Qxf6 7. Nf3 b6 8. d4 Bb7 9. Bd3 h6 10. 0-0 Bd6 11. Nd2 Nd7 12. Rb1 c5 13. Re1 Qe7 14. Ne4 Bxe4 15. Rxe4 Nf6 16. Re1 0-0 17. Qf3 Rfd8 18. g3 Rab8 19. Be3 Qb7 20. Kg2 Ng4 21. Qxb7 Nxe3+ 22. fxe3 Rxb7 23. a4 Re7 24. Kf2 g6 25. Rb5 e5 26. a5 exd4 27. exd4 Rxe1 28. Kxe1 Bc7 29. axb6 axb6 30. dxc5 Rxd3 31. cxb6 Bxb6 32. Rxb6 Rxc3 33. Rb2 Rxc4 34. h4 Kg7 35. Kf2 g5 36. hxg5 hxg5 37. Kg2 Kg6 38. Ra2 f5 39. Rb2 Kh5 40. Ra2 Kg4 41. Rb2 Rc3 42. Rb4+ f4 43. gxf4 gxf4 44. Rb8 Rc2+ 45. Kf1 Kg3 46. Rf8 Kf3 47. Kg1 Rc1+ 48. Kh2 Re1 49. Rf7 Re4 50. Kg1 Re1+ 51. Kh2 Ke3 52. Kg2 Re2+ 53. Kf1 Ra2 54. Rf8 Kf3 1/2-1/2

[Event "BL2-Ost 1819"]
[Site "Germany"]
[Date "2019.03.23"]
[Round "9.8"]
[White "Myshkin, Nikita"]
[Black "Ruecker, Benjamin"]
[Result "1/2-1/2"]
[WhiteElo "2293"]
[BlackElo "2236"]
[PlyCount "91"]
[EventDate "2018.11.10"]
[EventType "team-tourn"]
[EventRounds "10"]
[EventCountry "GER"]
[SourceTitle "CBM 190 Extra"]
[Source "ChessBase"]
[SourceDate "2019.07.15"]
[SourceVersion "1"]
[SourceVersionDate "2019.07.15"]
[SourceQuality "1"]
[WhiteTeam "Erfurt"]
[BlackTeam "Garching"]
[WhiteTeamCountry "GER"]
[BlackTeamCountry "GER"]

1. Nf3 Nf6 2. c4 e6 3. g3 d5 4. d4 Be7 5. Bg2 0-0 6. 0-0 dxc4 7. Qc2 a6 8. a4 Bd7 9. Qxc4 Bc6 10. Bg5 Nbd7 11. Nc3 h6 12. Bxf6 Nxf6 13. Rfe1 Bd5 14. Qd3 c5 15. e4 Bb3 16. d5 exd5 17. e5 Ne4 18. Nxe4 c4 19. Nf6+ Bxf6 20. Qf5 Be7 21. Nd4 Bc5 22. Nxb3 cxb3 23. Rad1 Qc8 24. Qh5 Qc7 25. Rxd5 Rad8 26. Red1 Rxd5 27. Bxd5 Kh7 28. Kg2 Rd8 29. f4 Be3 30. Bxb3 g6 31. Qf3 Rxd1 32. Qxd1 Kg7 33. Qd5 Qc6 34. Bc4 Qxd5+ 35. Bxd5 b6 36. Kf3 Bd4 37. b3 h5 38. h3 a5 39. g4 hxg4+ 40. hxg4 Bc3 41. Ke4 Kf8 42. Bc4 Bd2 43. f5 gxf5+ 44. Kxf5 Ke7 45. g5 Bb4 46. Bd5 1/2-1/2

[Event "Oberliga Bayern 1819"]
[Site "Bayern"]
[Date "2019.02.03"]
[Round "6.5"]
[White "Ruecker, Benjamin"]
[Black "Wittmann, Matthias"]
[Result "0-1"]
[WhiteElo "2274"]
[BlackElo "2073"]
[PlyCount "102"]
[EventDate "2018.10.21"]
[EventType "team-tourn"]
[EventRounds "9"]
[EventCountry "GER"]
[SourceTitle "EXT 2020"]
[Source "ChessBase"]
[SourceDate "2019.10.17"]
[SourceVersion "1"]
[SourceVersionDate "2019.10.17"]
[SourceQuality "1"]
[WhiteTeam "Garching II"]
[BlackTeam "Pang/Rosenheim"]
[WhiteTeamCountry "GER"]
[BlackTeamCountry "GER"]

1. d4 Nf6 2. c4 c5 3. d5 b5 4. cxb5 a6 5. bxa6 g6 6. Nc3 Bg7 7. e4 0-0 8. a7 Rxa7 9. Nf3 e6 10. Be2 exd5 11. exd5 d6 12. 0-0 Ba6 13. Re1 Bxe2 14. Rxe2 Nbd7 15. Nb5 Ra6 16. Bf4 Qb8 17. a4 Nh5 18. Bg5 Ne5 19. Nxe5 Bxe5 20. Rxe5 dxe5 21. Be7 Re8 22. d6 Ra8 23. g3 Qb7 24. Nc7 Rxe7 25. Nxa8 Rd7 26. Nc7 Qxb2 27. Nb5 Nf6 28. Qc1 Qb4 29. Qc2 h5 30. Rb1 Qg4 31. Qxc5 Ne4 32. Qd5 Ng5 33. Rd1 h4 34. Rd3 e4 35. Re3 Rd8 36. Kf1 Rc8 37. Rc3 Rd8 38. a5 Nf3 39. Kg2 Ng5 40. Kf1 Nf3 41. Kg2 Ne1+ 42. Kf1 Nd3 43. Rxd3 exd3 44. Qxd3 h3 45. f4 Qe6 46. a6 Re8 47. Kf2 Qe1+ 48. Kf3 f5 49. Qd5+ Kf8 50. Qe5 Rxe5 51. fxe5 Qf1+ 0-1

[Event "Oberliga Bayern 1819"]
[Site "Bayern"]
[Date "2018.12.16"]
[Round "4.5"]
[White "Leeb, Simon"]
[Black "Ruecker, Benjamin"]
[Result "1/2-1/2"]
[WhiteElo "2203"]
[BlackElo "2274"]
[PlyCount "61"]
[EventDate "2018.10.21"]
[EventType "team-tourn"]
[EventRounds "9"]
[EventCountry "GER"]
[SourceTitle "EXT 2020"]
[Source "ChessBase"]
[SourceDate "2019.10.17"]
[SourceVersion "1"]
[SourceVersionDate "2019.10.17"]
[SourceQuality "1"]
[WhiteTeam "Muenchen Suedost"]
[BlackTeam "Garching II"]
[WhiteTeamCountry "GER"]
[BlackTeamCountry "GER"]

1. d4 Nf6 2. c4 e6 3. a3 d5 4. Nc3 c6 5. Bg5 dxc4 6. e4 b5 7. e5 h6 8. Bh4 g5 9. exf6 gxh4 10. g3 a6 11. Nf3 Bb7 12. Ne5 c5 13. Nxf7 Qxf6 14. Nxh8 Bf3 15. Be2 Bxh1 16. Bh5+ Kd7 17. Ng6 cxd4 18. Nxf8+ Kc7 19. Ne2 Nc6 20. Ng6 d3 21. Nef4 hxg3 22. hxg3 e5 23. Nh3 Nd4 24. Rc1 Bf3 25. Bxf3 d2+ 26. Kxd2 Nxf3+ 27. Ke3 Rd8 28. Qc2 Rd2 29. Qe4 Rd4 30. Qc2 Rd2 31. Qe4 1/2-1/2

[Event "BL2-Ost 1819"]
[Site "Germany"]
[Date "2018.11.10"]
[Round "1.8"]
[White "Ruecker, Benjamin"]
[Black "Tiller, Jaroslav"]
[Result "1-0"]
[WhiteElo "2252"]
[BlackElo "2090"]
[PlyCount "61"]
[EventDate "2018.11.10"]
[EventType "team-tourn"]
[EventRounds "10"]
[EventCountry "GER"]
[SourceTitle "CBM 190 Extra"]
[Source "ChessBase"]
[SourceDate "2019.07.15"]
[SourceVersion "1"]
[SourceVersionDate "2019.07.15"]
[SourceQuality "1"]
[WhiteTeam "Garching"]
[BlackTeam "Bindlach"]
[WhiteTeamCountry "GER"]
[BlackTeamCountry "GER"]

1. Nf3 Nf6 2. d4 d6 3. g3 g6 4. Bg2 Bg7 5. 0-0 0-0 6. b3 c5 7. Bb2 Nc6 8. d5 Na5 9. Re1 b5 10. e4 b4 11. e5 Ne8 12. exd6 exd6 13. Bxg7 Kxg7 14. a3 bxa3 15. Nbd2 Nf6 16. Rxa3 Nb7 17. Qa1 Kg8 18. Rxa7 Rxa7 19. Qxa7 Nxd5 20. Nh4 Ne7 21. Nc4 d5 22. Ne3 Qd6 23. Rd1 g5 24. Bxd5 Nxd5 25. Rxd5 Qf6 26. Nhf5 Rd8 27. Ng4 Qe6 28. Qa1 f6 29. Nfh6+ Kg7 30. Rxg5+ Kf8 31. Rf5 1-0

[Event "Arco op 40th"]
[Site "Arco"]
[Date "2018.10.20"]
[Round "8"]
[White "Trauth, Michael"]
[Black "Ruecker, Benjamin"]
[Result "1/2-1/2"]
[WhiteElo "2109"]
[BlackElo "2274"]
[PlyCount "22"]
[EventDate "2018.10.13"]
[EventType "swiss"]
[EventRounds "9"]
[EventCountry "ITA"]
[SourceTitle "CBM 186 Extra"]
[Source "ChessBase"]
[SourceDate "2018.08.24"]
[SourceVersion "1"]
[SourceVersionDate "2018.08.24"]
[SourceQuality "1"]

1. Nf3 d5 2. g3 Nc6 3. d4 Bg4 4. Bg2 Qd7 5. b3 Bh3 6. 0-0 Bxg2 7. Kxg2 0-0-0 8. Bb2 h5 9. h4 Nf6 10. Nbd2 e6 11. a3 Ne4 1/2-1/2